WOW! Window on the world : teacher's book 1 No.1
Saved in:
| Main Author: | |
|---|---|
| Format: | Book |
| Published: |
Oxford University Press
1991
|
| Tags: |
Add Tag
No Tags, Be the first to tag this record!
|
| Institutions: | Mạng thư viện Đại học Đà Nẵng |
|---|
| LEADER | 00784nam a2200241 a 4500 | ||
|---|---|---|---|
| 001 | 000042104 | ||
| 003 | 9062 | ||
| 005 | 20171030155812.0 | ||
| 008 | 171030s1991 | ||
| 040 | |a LNN | ||
| 082 | 0 | |a 428.24 |b NO-R | |
| 100 | 1 | |a Nolasco, Rob | |
| 245 | 0 | 0 | |a WOW! Window on the world : teacher's book 1 |c Rob Nolasco. |n No.1 |
| 260 | |b Oxford University Press |c 1991 | ||
| OWN | |a LNN | ||
| AVA | |a UDN50 |b LNN |d 428.24 NO-R |e available |t Error 5001 Not defined in file expand_doc_bib_avail. |f 1 |g 0 |h N |i 0 |k 1 | ||
| 999 | |a From the UDN01 | ||
| AVA | |a UDN50 |b LNN |d 428.24 NO-R |e available |t Error 5001 Not defined in file expand_doc_bib_avail. |f 1 |g 0 |h N |i 0 |k 1 | ||
| TYP | |a Monograph | ||
| TYP | |a Printed language | ||
| 980 | |a Mạng thư viện Đại học Đà Nẵng | ||